Indie czy Pakistan? - Statystyki

Ogólne statystyki
  • Ten quiz został rozwiązany 19 razy
  • Średni wynik to 10 z 15
Statystyki odpowiedzi
Zagadnienie Odpowiedź % Poprawnych
Ma dłuższą granicę z Chinami Indie
100%
Stolicą jest Islamabad Pakistan
100%
Cieśnina Palk oddziela to państwo od Sri Lanki Indie
93%
Premierem tego państwa był Rajiv Gandhi zamordowany w 1991r. Indie
93%
Znajduje się tam miasto Lahore Pakistan
80%
Istnieje tam "Ustawa o bluźnierstwie" Pakistan
73%
Znajduje się tam ośmiotysięcznik K2 Pakistan
73%
Podzielone jest administracyjnie m.in. na stany Indie
67%
Ma wyższe PKB na osobę Indie
60%
Znajduje się tam miasto Surat Indie
60%
Płynie tam rzeka Indus Oba
53%
Chrześcijanie stanowią tam mniej niż 3% ludności Oba
53%
Od 1967r. trwa tam powstanie maoistowskie Indie
40%
Znajduje się tam Pendżab Oba
40%
Walutą jest rupia Oba
20%
Nie znaleziono quizów pasujących do podanych kryteriów
Rozkład punktacji
Procent ludzi z każdym wynikiem
Percentyl według liczby udzielonych odpowiedzi
Twoja historia wyników
Nie rozwiązałeś tego quizu